书目信息 |
| 题名: |
我国优秀短距离速滑运动员体能训练理论与实践研究
|
|
| 作者: | 陈月亮 著 | |
| 分册: | ||
| 出版信息: | 北京 北京体育大学出版社 2010 |
|
| 页数: | 266页 | |
| 开本: | 24cm | |
| 丛书名: | 中国体育博士文丛 | |
| 单 册: | ||
| 中图分类: | G862.12 | |
| 科图分类: | ||
| 主题词: | 短距离--速度滑冰--优秀运动员--身体训练--研究--中国 , 短距离 , 速度滑冰 , 优秀运动员 , 身体训练 | |
| 电子资源: | ||
| ISBN: | 978-7-5644-0275-4 | |
| 000 | 01244oam2 2200301 45 | |
| 001 | 1130237750 | |
| 005 | 20110309094301.46 | |
| 010 | @a978-7-5644-0275-4@dCNY43.00 | |
| 100 | @a20110121d2010 kemy0chiy50 ea | |
| 101 | 0 | @achi@deng |
| 102 | @aCN@b110000 | |
| 105 | @ac z 000yy | |
| 106 | @ar | |
| 200 | 1 | @a我国优秀短距离速滑运动员体能训练理论与实践研究@AWo Guo You Xiu Duan Ju Li Su Hua Yun Dong Yuan Ti Neng Xun Lian Li Lun Yu Shi Jian Yan Jiu@e以500m项目为例@EYi 500m Xiang Mu Wei Li@f陈月亮著@FChen Yue Liang Zhu |
| 210 | @a北京@c北京体育大学出版社@d2010 | |
| 215 | @a266页@c肖像@d24cm | |
| 225 | 2 | @a中国体育博士文丛 |
| 330 | @a本书主要内容为:体能系统观及其主要外部影响因素的理论研究、短距离速滑运动项目特征研究、我国优秀短距离速滑运动员专项体能评价与诊断体系的构建、我国优秀短距离速滑运动员体能训练方法手段及其负荷安排特征、我国优秀短距离速滑运动员年度训练周期安排特征。 | |
| 461 | 0 | @12001 @a中国体育博士文丛 |
| 606 | 0 | @a短距离@x速度滑冰@x优秀运动员@x身体训练@x研究@y中国 |
| 606 | 0 | @a短距离 |
| 606 | 0 | @a速度滑冰 |
| 606 | 0 | @a优秀运动员 |
| 606 | 0 | @a身体训练 |
| 690 | @aG862.12@v4 | |
| 701 | 0 | @a陈月亮@AChen Yue Liang@f(1968~)@4著 |
| 801 | 0 | @aCN@bTANGWEI@c20110309 |
| 905 | @b0530807-10@dG862.12@e66@f4 | |
| 我国优秀短距离速滑运动员体能训练理论与实践研究:以500m项目为例/陈月亮著.-北京:北京体育大学出版社,2010 |
| 266页:肖像;24cm.-(中国体育博士文丛) |
| ISBN 978-7-5644-0275-4:CNY43.00 |
| 本书主要内容为:体能系统观及其主要外部影响因素的理论研究、短距离速滑运动项目特征研究、我国优秀短距离速滑运动员专项体能评价与诊断体系的构建、我国优秀短距离速滑运动员体能训练方法手段及其负荷安排特征、我国优秀短距离速滑运动员年度训练周期安排特征。 |
| ● |
| 相关链接 |
|
|
|
|
正题名:我国优秀短距离速滑运动员体能训练理论与实践研究
索取号:G862.12/66
 
预约/预借
| 序号 | 登录号 | 条形码 | 馆藏地/架位号 | 状态 | 备注 |
| 1 | 0530807 | 205308077 | 第一样本阅览室/ [索取号:G862.12/66] | 在馆 | |
| 2 | 0530808 | 205308086 | 第四借阅区/ [索取号:G862.12/66] | 在馆 | |
| 3 | 0530809 | 205308095 | 第四借阅区/ [索取号:G862.12/66] | 在馆 | |
| 4 | 0530810 | 205308102 | 密集书库-体育系/ [索取号:G862.12/66] | 在馆 |